| 000 | 00531nam a2200169 a 4500 | ||
|---|---|---|---|
| 001 | 5137 | ||
| 003 | CDMR | ||
| 005 | 20131125164750.0 | ||
| 008 | 130130s1966||||||||||||||||||||||||||||d | ||
| 040 |
_aCDMR _bcat _cCDMR |
||
| 245 | 0 |
_aLey de Prensa e Imprenta _b: B.O. del E. nº 67, de 19 de marzo de 1966 |
|
| 246 | _aLey de Prensa e Imprenta y decretos complemetarios | ||
| 260 |
_aBarcelona _c1966 _bAsociación de la Prensa de Barcelona |
||
| 300 | _a75 p. | ||
| 650 | 0 | 4 |
_94383 _aPremsa _xDret i legislació _zEspanya |
| 942 |
_cMON _2udc |
||
| 999 |
_c5137 _d5137 |
||